000
00272nam a22001217a 4500
020
_a
0-09-122671-6
082
_a
629.287 BLA'T
100
_a
BLADON, STUART
_9
78377
245
_a
TACKLE CAR MAINTENANCE
260
_a
LONDON
_b
STANLEY
_c
1975
300
_a
160P
942
_c
BK
999
_c
583507
_d
583507